zpět

Detail výsledku týmu

Nová Sportovka, Liberec

Datum a čas kvízu

25.5 Celkem bodů Celkový počet nahraných bodů na tomto kvízu bez doplňovacích otázek.
7. Pořadí na kvízu Konečné umístění týmu na tomto kvízu.

Zaznamenané odpovědi

# Otázka Odpověď Body Výsledky
1. Minulý týden policie informova... škvor 0
2. Ve které zemi byl minulý týden... v Číně 0
3. Jedna televizní stanice ukonči... MTV 1
4. Kořist v hodnotě přibližně 30... v Německu 0
5. Na Silvestra se konalo finále... Zadina; Stránský 0
6. Mezi nejúspěšnější sourozence... Venus; Serena 1
7. Pouhých 65 setin sekundy od me... Petr; Martin 0.5
8. Opomenout v tomto tématu nesmí... 7,5 km; 6 km 0
9. Nyní bude vaším úkolem uhodnou... v plavání 1
10. Na závěr se podíváme na krasob... B 0